00990nam a22002532 450000100060000000300080000600500170001400800410003103500510007204000270012308200260015009000200017610000340019624500750023025000270030526000310033230000340036350000680039750400510046565000250051694200120054199900170055395201660057035260BD-RjUL20211209052304.0140522s19481939enka b 001 0 eng d aOCLC ocm03392626 from D970903Ma(BD-RjUL)35354 aYSMcYSMdBD-RjULbeng a616.692042bGRC 1948 aRG201b.G7 19481 aGriffith, Edward Fyfe910742614aThe childless marriage :bits cause and cure /cby Edward F. Griffith. aRewritten and enl. ed. aLondon :bMethuen,cc1948. axii, 206 p. :bill. ;c19 cm. aFirst ed. published in 1939 under title : The childless family. aIncludes bibliographical references and index. 0aInfertility.9107427 2ddccBK c35260d35260 00102ddc40718NFICaRUCLbRUCLcReadingd1968-03-28eParagon Book Corporation Daccag6.37l0o616.692042 GRC 1948r2014-05-22 00:00:00tC-1w2014-05-22yBK